000 nam a22 7a 4500
999 _c27965
_d27965
008 170213b xxu||||| |||| 00| 0 eng d
020 _a094227704X1
050 _aRA 440 .T46 1990
100 _aThompson, Merita L.
245 _aDiscover:
_bskills for life/
_cMerita L. Thompson and Johanna
260 _aSan Diego:
_bEducation assessment Publishing Company, inc.
_c1990.
300 _a60p. :
_bill. ;
_c28cm.
500 _aInclude index.
650 _aDrug abuse.
700 _aStrange, Johanna F.
942 _2lcc
_cBOOKS